| 000 | 01576nam a2200241 4500 | ||
|---|---|---|---|
| 001 | 6044 | ||
| 010 | _a9789721055827 | ||
| 021 | _b230320/05 | ||
| 090 | _a6044 | ||
| 100 | _a20211231d2005 m||y0pory5003 ba | ||
| 200 | 1 |
_aA origem das espécies _fCharles Darwin _gtrad. Dora Batista |
|
| 210 | 9 |
_aMem Martins _cEuropa-América, _d2005 |
|
| 215 | _a387, [3] p. | ||
| 225 | 2 | _aClássicos | |
| 304 | _aTít. orig.: The origin of species | ||
| 330 | _aPublicada em 1859, a obra-prima de Darwin condensa os seus pontos de vista acerca da origem e da evolução das espécies. A Origem das Espécies consagrou os princípios universais da competição entre as espécies e da Selecção Natural, regidos pela dura lei da sobrevivência dos mais aptos, a par do conceito de mutação e variação das espécies. Num tom profundamente lúcido e consciente das objecções que seriam apresentadas à sua teoria, Darwin baseia a sua teorização num profundo conhecimento prático, fundamentado na sua experiência prática a bordo da fragata HMS Beagle. A Origem das Espécies desferiu um rude golpe na teoria criacionista (a primeira edição esgotou no dia em que foi posta à venda) que fez correr rios de tinta, a teoria de Darwin sofreu poucas alterações da época vitoriana até aos nossos dias. Em suma, uma obra monumental e um referência a todos os níveis. | ||
| 606 |
_9832 _aBiologia |
||
| 675 |
_a575.8 _vBN _zpor |
||
| 700 |
_aDarwin _bCharles _f1809-1882 _95738 |
||
| 702 |
_aBatista _bDora _95739 |
||
| 801 | 0 |
_aPT _bBMVN _gRPC |
|
| 830 |
_cInês Silva _d31/12/2021 |
||
| 990 | _cLIVROS | ||